Pollution in the pulp and paper industry (Record no. 24038)

MARC details
000 -LEADER
fixed length control field 00343nam a2200133Ia 4500
082 ## - DEWEY DECIMAL CLASSIFICATION NUMBER
Classification number 676:614.7
Item number ALL
100 ## - MAIN ENTRY--AUTHOR NAME
Personal name Allan, Leslie
245 #0 - TITLE STATEMENT
Title Pollution in the pulp and paper industry
260 ## - PUBLICATION, DISTRIBUTION, ETC. (IMPRINT)
Place of publication Cambridge
Name of publisher Mit
Year of publication 1972
650 ## - SUBJECT ADDED ENTRY--TOPICAL TERM
Topical Term paper industry
650 ## - SUBJECT ADDED ENTRY--TOPICAL TERM
Topical Term Pulp industry
942 ## - ADDED ENTRY ELEMENTS (KOHA)
Koha item type Books
Holdings
Withdrawn status Lost status Damaged status Not for loan Home library Current library Date acquired Cost, normal purchase price Full call number Accession Number Koha item type
        RRII Library RRII Library 16/12/2021 10.00 676:614.7 ALL 04726 Books